Les 30 plus gros transferts de la saison 2019/20 - Statistiques

Statistiques générales
  • Ce quiz a été pris 316 fois
    148 depuis la dernière actualisation
  • Le résultat moyen est 23 sur 30
Statistiques - réponses
Pays Club de départ Club d'arrivée Montant Joueur % Correct
France Atlético Madrid FC Barcelone 120M€ Antoine Griezmann
100%
Belgique Chelsea Real Madrid 120M€ Eden Hazard
100%
Portugal SL Benfica Atlético Madrid 127M€ João Félix
99%
Pays-Bas Ajax Amsterdam FC Barcelone 86M€ Frenkie de Jong
96%
Côte d'Ivoire Lille OSC Arsenal 80M€ Nicolas Pépé
95%
Pays-Bas Ajax Amsterdam Juventus 85M€ Matthijs de Ligt
94%
Belgique Manchester United Inter Milan 74M€ Romelu Lukaku
94%
Angleterre Leicester Manchester United 87M€ Harry Maguire
90%
France Atlético Madrid Bayern Munich 80M€ Lucas Hernández
90%
Espagne Atlético Madrid Manchester City 70M€ Rodri
90%
Portgual Sporting CP Manchester United 65M€ Bruno Fernandes
87%
France Olympique Lyonnais Tottenham 62M€ Tanguy Ndombélé
85%
Portugal Juventus Manchester City 65M€ João Cancelo
83%
Serbie Eintracht Frankfurt Real Madrid 63M€ Luka Jović
83%
France Olympique Lyonnais Real Madrid 48M€ Ferland Mendy
82%
Portugal LOSC AC Milan 49M€ Rafael Leão
80%
Brésil Santos FC Real Madrid 45M€ Rodrygo
78%
Croatie Real Madrid Chelsea 45M€ Mateo Kovacic
77%
France FC Séville AS Monaco 40M€ Wissam Ben Yedder
76%
Brésil FC Porto Real Madrid 50M€ Éder Militão
67%
Mexique PSV Eindhoven SSC Napoli 50M€ Hirving Lozano
67%
Brésil FC Barcelone Zenit St. Pétersbourg 41M€ Malcom
67%
Belgique AS Monaco Leicester 45M€ Youri Tielemans
67%
Brésil Manchester City Juventus 37M€ Danilo
63%
Suède Atalanta Juventus 39M€ Dejan Kulusevski
61%
Angleterre Crystal Palace Manchester United 55M€ Aaron Wan-Bissaka
60%
Grèce AS Roma SSC Napoli 36M€ Konstantinos Manolas
60%
Mexique SL Benfica Wolverhampton 38M€ Raúl Jiménez
55%
Brésil TSG Hoffenheim Newcastle 44M€ Joelinton
52%
Côte d'Ivoire Eintracht Frankfurt West Ham 50M€ Sébastien Haller
50%
Aucun quiz correspondant
Distribution des résultats
% des personnes avec chaque résultat
Percentile par nombre de réponses
Votre historique - résultats
Vous n’avez pas pris ce quiz depuis la dernière actualisation